[Event "World Blitz Women 2025"]
[Site "Doha QAT"]
[Date "2025.12.29"]
[Round "7.42"]
[White "Jiang, Tianyu"]
[Black "Lyutsinger, Iren"]
[Result "1-0"]
[BlackTitle "FM"]
[WhiteElo "2224"]
[BlackElo "2169"]
[WhiteFideId "8627215"]
[BlackFideId "34425969"]
[EventDate "2025.12.29"]

1. Nc3 c5 2. Nf3 d5 3. e4 d4 4. Ne2 Nc6 5. Ng3 h5 6. h4 Bg4 7. c3 e6 8. Qb3 Qb6
9. Nh2 Nf6 10. Qxb6 axb6 11. f3 Bd6 12. Kf2 Ne5 13. Bb5+ Ke7 14. fxg4 Nexg4+ 15.
Nxg4 Nxg4+ 16. Kf3 d3 17. Nf1 c4 18. a4 Bc5 19. Ne3 Ne5+ 20. Kg3 Bxe3 21. dxe3
Kd6 22. Rd1 Kc5 23. b3 Kd6 24. Bxc4 Nxc4 25. bxc4 Rhc8 26. Rxd3+ Ke5 27. Rd4 g5
28. hxg5 Rg8 29. Ba3 Rxg5+ 30. Kf3 Rag8 31. Bd6+ Kf6 32. g3 h4 33. gxh4 Rg2 34.
e5+ Kf5 35. Rf4+ Kg6 36. Kxg2 1-0

[Event "World Blitz Women 2025"]
[Site "Doha QAT"]
[Date "2025.12.29"]
[Round "7.43"]
[White "Charvi A"]
[Black "Gaal, Zsoka"]
[Result "1-0"]
[WhiteTitle "WFM"]
[BlackTitle "IM"]
[WhiteElo "2270"]
[BlackElo "2374"]
[WhiteFideId "25165518"]
[BlackFideId "777765"]
[EventDate "2025.12.29"]

1. e4 e5 2. Nf3 Nc6 3. Bc4 Nf6 4. d3 h6 5. c3 Bc5 6. O-O d6 7. Nbd2 a6 8. a4 Ba7
9. Re1 O-O 10. h3 Re8 11. Nf1 Be6 12. Bb3 Qd7 13. Be3 Ne7 14. Bc2 Ng6 15. d4 Nh5
16. d5 Bxh3 17. gxh3 Qxh3 18. N3h2 Nh4 19. Qg4 Qxg4+ 20. Nxg4 Nf3+ 21. Kg2 Nxe1+
22. Rxe1 Bxe3 23. fxe3 Kh7 24. Bd1 g6 25. Ng3 Rg8 26. Kh3 Nxg3 27. Kxg3 Kg7 28.
Rf1 h5 29. Nf6 Rh8 30. Kh4 Kh6 31. Nd7 g5+ 32. Kg3 Kg6 33. Nf6 g4 34. Kh4 Rh6
35. Rf5 Rah8 36. Be2 a5 37. Bd1 b6 38. Be2 Kg7 39. Nxh5+ Kg6 40. Bxg4 Kh7 41.
Rxf7+ Kg8 42. Rg7+ Kf8 43. Rxc7 Rg8 44. Rc8+ Kf7 45. Be6+ Ke7 46. Rxg8 b5 47.
axb5 a4 48. Rg7+ Kf8 49. Kg5 Rh8 50. Rg8+ Rxg8+ 51. Bxg8 1-0

[Event "World Blitz Women 2025"]
[Site "Doha QAT"]
[Date "2025.12.29"]
[Round "7.44"]
[White "Priyanka, Nutakki"]
[Black "Vaishali, Rameshbabu"]
[Result "0-1"]
[WhiteTitle "WGM"]
[BlackTitle "GM"]
[WhiteElo "2292"]
[BlackElo "2473"]
[WhiteFideId "25049615"]
[BlackFideId "5091756"]
[EventDate "2025.12.29"]

1. d4 Nf6 2. c4 e6 3. Nf3 Bb4+ 4. Bd2 Qe7 5. g3 Bxd2+ 6. Nbxd2 Nc6 7. Bg2 d6 8.
O-O e5 9. d5 Nb8 10. e4 a5 11. b3 Na6 12. a3 Bg4 13. Qc2 O-O 14. Rfe1 Bxf3 15.
Bxf3 c6 16. dxc6 bxc6 17. Qc3 Nc5 18. b4 Ne6 19. Bg2 Qa7 20. Nb3 a4 21. Nd2 Nd4
22. h3 Rfe8 23. Nf1 Nd7 24. Ne3 Nf8 25. h4 Nfe6 26. Rad1 Rad8 27. Kh1 c5 28. b5
Nc7 29. f4 exf4 30. gxf4 Na8 31. Kh2 Qe7 32. Kg3 Qf6 33. h5 Ne2+ 0-1

[Event "World Blitz Women 2025"]
[Site "Doha QAT"]
[Date "2025.12.29"]
[Round "7.45"]
[White "Dronavalli, Harika"]
[Black "Kirtadze, Anastasia"]
[Result "1-0"]
[WhiteTitle "GM"]
[BlackTitle "WIM"]
[WhiteElo "2466"]
[BlackElo "2281"]
[WhiteFideId "5015197"]
[BlackFideId "13622714"]
[EventDate "2025.12.29"]

1. Nf3 c5 2. c4 Nc6 3. d4 cxd4 4. Nxd4 e6 5. Nc3 Nf6 6. g3 Qb6 7. Ndb5 Ne5 8.
Bg2 a6 9. Na4 Qa5+ 10. Nbc3 Be7 11. O-O O-O 12. Qd4 Nc6 13. Qb6 Qh5 14. h3 Bd8
15. Qc5 Qxc5 16. Nxc5 d6 17. N5e4 Nxe4 18. Nxe4 Be7 19. Rd1 Rd8 20. Bf4 e5 21.
Be3 f5 22. Nc3 Be6 23. Nd5 Kf7 24. b4 Bxd5 25. Bxd5+ Kf6 26. b5 axb5 27. cxb5
Nb4 28. Bxb7 Rab8 29. Bc6 Nxc6 30. bxc6 Rdc8 31. Rdc1 Rc7 32. Rc2 Ke6 33. a4 d5
34. a5 d4 35. Bd2 Kd5 36. a6 Rxc6 37. Ra5+ Rc5 38. Rcxc5+ Bxc5 39. a7 Ra8 40.
Bb4 e4 41. Rxc5+ Ke6 42. Ra5 d3 1-0

[Event "World Blitz Women 2025"]
[Site "Doha QAT"]
[Date "2025.12.29"]
[Round "7.46"]
[White "Kulon, Klaudia"]
[Black "Yakubbaeva, Nilufar"]
[Result "1-0"]
[WhiteTitle "IM"]
[BlackTitle "WGM"]
[WhiteElo "2335"]
[BlackElo "2229"]
[WhiteFideId "1131044"]
[BlackFideId "14204487"]
[EventDate "2025.12.29"]

1. c4 e6 2. e3 d5 3. Nf3 Nf6 4. b3 Be7 5. Bb2 O-O 6. Nc3 c5 7. cxd5 exd5 8. d4
Nc6 9. Be2 Ne4 10. dxc5 Bf6 11. Nd4 Nxc5 12. O-O Ne4 13. Nxe4 dxe4 14. Nxc6 bxc6
15. Bxf6 Qxf6 16. Qc2 Bf5 17. Rac1 Rac8 18. Rfd1 g6 19. Rd4 h5 20. Rc4 Rfd8 21.
h3 Kg7 22. Rc5 Rd7 23. b4 Rcd8 24. Rxc6 Qg5 25. Kf1 Rd2 26. Qc3+ Kh7 27. Qf6
Qxf6 28. Rxf6 Be6 29. g4 hxg4 30. hxg4 Rxa2 31. Rc7 Kg8 32. Bc4 Bxc4+ 33. Rxc4
Kg7 34. g5 Rd5 35. Rc7 Rxg5 36. Rfxf7+ Kg8 37. Rfd7 Rf5 38. Rd8+ Rf8 39. Rxf8+
Kxf8 40. Rc4 a5 41. bxa5 Rxa5 42. Rxe4 Rf5 43. Kg2 Kg7 44. Ra4 Rd5 45. Kg3 Rd1
46. f4 Rg1+ 47. Kf3 Rf1+ 48. Ke4 Rd1 49. Ra6 Re1 50. Kd4 Rd1+ 51. Ke5 Rg1 52. e4
Re1 53. Ra7+ Kh6 54. Ra6 Kh5 55. Ra4 g5 56. f5 g4 57. Ra8 g3 58. Rg8 Kh4 59. f6
g2 60. Rxg2 1-0

[Event "World Blitz Women 2025"]
[Site "Doha QAT"]
[Date "2025.12.29"]
[Round "7.47"]
[White "Munkhzul, Turmunkh"]
[Black "Zherebtsova, Alexandra"]
[Result "1-0"]
[WhiteTitle "WGM"]
[BlackTitle "FM"]
[WhiteElo "2271"]
[BlackElo "2307"]
[WhiteFideId "4901878"]
[BlackFideId "24129518"]
[EventDate "2025.12.29"]

1. e4 e5 2. Nf3 Nc6 3. Bb5 a6 4. Bxc6 dxc6 5. Nc3 Qf6 6. d4 exd4 7. Bg5 Qd6 8.
Nxd4 Be7 9. Bxe7 Nxe7 10. Qd2 c5 11. Nf3 Qxd2+ 12. Nxd2 b6 13. f3 Bb7 14. O-O-O
O-O-O 15. Nc4 f6 16. Rxd8+ Rxd8 17. Rd1 Rxd1+ 18. Kxd1 Kd7 19. Ke2 Nc6 20. Ne3
Nd4+ 21. Kd2 Kd6 22. Ne2 Nxe2 23. Kxe2 Ke5 24. Ng4+ Ke6 25. Ke3 a5 26. Nf2 Ba6
27. g4 g5 28. Nh1 Bc8 29. Ng3 Ke5 30. Ne2 Be6 31. a3 Bf7 32. Nc1 h5 33. Nd3+ Kd6
34. gxh5 Bxh5 35. f4 c4 36. Nf2 c5 37. e5+ Ke6 38. fxg5 fxg5 39. Ne4 Kxe5 40.
Nxg5 Bg6 41. c3 b5 42. Nf3+ Ke6 43. Kf4 b4 44. Ne5 Bd3 45. h4 Kf6 46. Nd7+ Kg6
47. Nxc5 bxc3 48. bxc3 Kh5 49. Kg3 Bc2 50. Nb7 a4 51. Nd6 Bb3 52. Ne4 Bd1 53.
Nf6+ Kg6 54. Nd5 Kh5 55. Nf4+ Kh6 56. Kf2 Bc2 57. Ke3 Kg7 58. Kd4 Bb3 59. Nd5
Kg6 60. Ne3 Kh5 61. Nxc4 Kxh4 62. Nb6 Kg5 63. Ke5 Kg6 64. Kd6 Kf7 65. c4 Ke8 66.
c5 Bd1 67. c6 Bg4 68. c7 1-0

[Event "World Blitz Women 2025"]
[Site "Doha QAT"]
[Date "2025.12.29"]
[Round "7.48"]
[White "Mgeladze, Kesaria"]
[Black "Zhu, Chen"]
[Result "0-1"]
[WhiteTitle "WIM"]
[BlackTitle "GM"]
[WhiteElo "2195"]
[BlackElo "2423"]
[WhiteFideId "13621130"]
[BlackFideId "8600546"]
[EventDate "2025.12.29"]

1. e4 e5 2. Nf3 Nc6 3. Bb5 a6 4. Ba4 Nf6 5. O-O Nxe4 6. d4 b5 7. Bb3 d5 8. dxe5
Be6 9. c3 Bc5 10. Bc2 O-O 11. Nbd2 Nxf2 12. Rxf2 f6 13. Nf1 Bxf2+ 14. Kxf2 fxe5
15. Kg1 Qd6 16. b3 h6 17. Bb2 Bg4 18. Ne3 Bxf3 19. gxf3 Rad8 20. b4 Ne7 21. a4
c6 22. axb5 axb5 23. Ra7 Qf6 24. Ng4 Qg5 25. Bc1 Qh4 26. Kg2 e4 27. fxe4 Ng6 28.
Ne3 Nf4+ 29. Kg1 dxe4 30. Qf1 Qg5+ 31. Ng2 Nh3+ 32. Kh1 Rxf1# 0-1

[Event "World Blitz Women 2025"]
[Site "Doha QAT"]
[Date "2025.12.29"]
[Round "7.49"]
[White "Ismayil, Malak"]
[Black "Chen, Yining"]
[Result "1/2-1/2"]
[WhiteTitle "WIM"]
[BlackTitle "FM"]
[WhiteElo "2138"]
[BlackElo "2278"]
[WhiteFideId "13412604"]
[BlackFideId "8620946"]
[EventDate "2025.12.29"]

1. e4 e6 2. d3 d5 3. Nd2 Nf6 4. g3 dxe4 5. dxe4 Nc6 6. Bg2 e5 7. Ngf3 Bc5 8. h3
Qe7 9. O-O a5 10. c3 O-O 11. Qc2 a4 12. Re1 b5 13. Nf1 Be6 14. Ne3 Bxe3 15. Bxe3
Nd7 16. b3 Nc5 17. b4 Nd7 18. a3 f6 19. Nd2 Qf7 20. Rac1 Rfc8 21. c4 bxc4 22.
Nxc4 Rab8 23. Nb2 Nd4 24. Bxd4 exd4 25. Nd3 Bb3 26. Qb2 Ne5 27. Qxd4 Nxd3 28.
Qxd3 Rd8 29. Qc3 Rd7 30. h4 Kh8 31. Bh3 Re7 32. Re3 Rbe8 33. Bg2 Qe6 34. Qc5 Qd7
35. Rec3 Qd2 36. Qe3 Qb2 37. Rxc7 Rxc7 38. Rxc7 Qxa3 39. Qb6 Qa1+ 40. Kh2 Qe5
41. Ra7 h5 42. Qb7 Rg8 43. b5 Qd4 44. Qd7 Qxf2 45. Qf5 Qxf5 46. exf5 Rb8 47. Bc6
Kh7 48. g4 hxg4 49. Kg3 Bd1 50. Rd7 Bf3 51. Ra7 Bxc6 52. bxc6 Rb3+ 53. Kxg4 Rb4+
54. Kh5 Rc4 55. c7 Rc5 56. Kg4 Rc4+ 57. Kh5 a3 58. Rxa3 Rxc7 59. Rf3 Rc4 60. Rf2
Rd4 61. Rf3 Kg8 62. Rf2 Kf7 63. Rf3 Re4 64. Rf2 Re3 65. Rf1 Rg3 66. Rf4 Kf8 67.
Rf1 Ke7 68. Rf4 Kd6 69. Re4 Rg1 70. Re2 Kd7 71. Re3 Kd6 72. Re2 Kd7 73. Re3 Kd6
74. Re2 Kd7 1/2-1/2

[Event "World Blitz Women 2025"]
[Site "Doha QAT"]
[Date "2025.12.29"]
[Round "7.50"]
[White "Olde, Margareth"]
[Black "Kiolbasa, Oliwia"]
[Result "0-1"]
[WhiteTitle "WIM"]
[BlackTitle "IM"]
[WhiteElo "2214"]
[BlackElo "2397"]
[WhiteFideId "4503082"]
[BlackFideId "1154613"]
[EventDate "2025.12.29"]

1. d4 Nf6 2. c4 e6 3. Nf3 d5 4. g3 Be7 5. Bg2 Ne4 6. O-O f5 7. b3 Nd7 8. Ba3 Bf6
9. Qc2 c6 10. Nbd2 g5 11. e3 h5 12. Ne1 h4 13. f3 Nxd2 14. Qxd2 hxg3 15. hxg3
Nf8 16. Nd3 Ng6 17. Kf2 Bd7 18. Rh1 Kf7 19. Rxh8 Qxh8 20. Rh1 Qg7 21. Nc5 Bc8
22. e4 Bxd4+ 23. Ke2 b6 24. exf5 exf5 25. Nd3 dxc4 26. bxc4 Bd7 27. Qxg5 Re8+
28. Kd1 Be3 29. Qh5 Qa1+ 30. Bc1 Rh8 31. Ne5+ Qxe5 0-1

[Event "World Blitz Women 2025"]
[Site "Doha QAT"]
[Date "2025.12.29"]
[Round "7.51"]
[White "Li, Xueyi"]
[Black "Nguyen Hong Anh"]
[Result "0-1"]
[WhiteTitle "WGM"]
[BlackTitle "WIM"]
[WhiteElo "2202"]
[BlackElo "2010"]
[WhiteFideId "8605912"]
[BlackFideId "12406732"]
[EventDate "2025.12.29"]

1. d4 Nf6 2. c4 c6 3. Nf3 d5 4. cxd5 cxd5 5. Nc3 e6 6. Bf4 Be7 7. e3 O-O 8. Bd3
Nc6 9. O-O h6 10. h3 a6 11. Rc1 Bd7 12. Ne5 Rc8 13. Bg3 Na5 14. Bb1 b5 15. Bh4
Be8 16. Ne2 Nc4 17. b3 Nd6 18. Qd3 Nfe4 19. Bxe7 Qxe7 20. f3 Nf6 21. Ng4 g6 22.
Rxc8 Nxc8 23. Nxh6+ Kg7 24. Ng4 Bc6 25. Nxf6 Qxf6 26. e4 dxe4 27. fxe4 Qg5 28.
Qc3 Bb7 29. Qc7 Bxe4 30. Qe5+ Qxe5 31. dxe5 Bd5 32. Nf4 Nb6 33. Rc1 Rd8 34. Rc7
Kg8 35. Bc2 Ba8 36. Kh2 Rd2 37. h4 Bd5 38. Nxd5 Nxd5 39. Rc8+ Kg7 40. Kg3 Ne3
41. Be4 Rxa2 42. Rc7 Ra3 43. Bc6 Nf5+ 44. Kf4 Rxb3 45. g4 Rb4+ 46. Kg5 Nh6 47.
Bf3 Rb3 48. Bc6 Rg3 49. Kf4 Rxg4+ 50. Kf3 Rxh4 51. Be8 Rc4 52. Ra7 Ra4 53. Rb7
Ra3+ 54. Kf4 Kf8 55. Bc6 Nf5 56. Kg5 Kg7 57. Be8 Nh6 58. Bd7 Re3 59. Kf4 Re1 60.
Bxe6 b4 61. Bc4 a5 62. e6 Rc1 63. Bb3 Re1 64. e7 Nf5 65. e8=Q Rxe8 66. Rxf7+ Kh6
67. Ra7 Nd4 68. Bf7 Rf8 69. Ke3 Nc6 70. Rc7 Ne5 71. Bd5 a4 72. Kd4 Rf5 73. Bg8
b3 74. Kc3 Rf3+ 75. Kb2 Nd3+ 76. Ka3 b2 77. Ka2 Rf1 78. Rb7 Ra1# 0-1

[Event "World Blitz Women 2025"]
[Site "Doha QAT"]
[Date "2025.12.29"]
[Round "7.52"]
[White "Karimova, Guldona"]
[Black "Atalik, Ekaterina"]
[Result "1/2-1/2"]
[WhiteTitle "WIM"]
[BlackTitle "IM"]
[WhiteElo "2288"]
[BlackElo "2349"]
[WhiteFideId "14210410"]
[BlackFideId "4130189"]
[EventDate "2025.12.29"]

1. e4 c6 2. Nf3 d5 3. Nc3 Bg4 4. h3 Bxf3 5. Qxf3 e6 6. g3 Nf6 7. Bg2 dxe4 8.
Nxe4 Nxe4 9. Qxe4 Nd7 10. d4 Nf6 11. Qd3 Be7 12. O-O O-O 13. c4 Qa5 14. Bd2 Qb6
15. Bc3 Rfd8 16. a3 a5 17. Rfe1 a4 18. Rad1 Qa6 19. Qe2 Rac8 20. Rd2 b5 21. d5
cxd5 22. cxd5 exd5 23. Rd3 Bc5 24. Qd2 Qb6 25. Bxf6 Qxf6 26. Bxd5 g6 27. Kg2 Rd7
28. Rd1 Re7 29. Rf3 Qe5 30. Qa5 Qb8 31. Rc1 Rec7 32. Rd1 Qb6 33. Qd2 Rd7 34. Qf4
Rf8 35. Qe4 b4 36. axb4 Qxb4 37. Rc1 Qxe4 38. Bxe4 Bd4 39. Rc2 Rb8 40. Bc6 Rc7
41. Bxa4 Rxc2 42. Bxc2 Rxb2 43. Be4 Kg7 44. g4 h6 45. h4 Be5 46. Bd5 f6 47. Ra3
Bd4 48. Rf3 Rb5 49. Be4 Rb4 50. Bd3 Be5 51. Kh3 Rf4 52. Rxf4 Bxf4 53. Kg2 Be5
54. Kf3 Bd4 55. Kg3 Be5+ 56. f4 Bd6 57. Kf3 Bc7 58. Ke4 Bb8 59. Bc2 Bc7 60. Ba4
Bb8 61. Be8 Bc7 62. h5 gxh5 63. gxh5 Bb8 64. Kf5 Bc7 1/2-1/2

[Event "World Blitz Women 2025"]
[Site "Doha QAT"]
[Date "2025.12.29"]
[Round "7.53"]
[White "Khotenashvili, Bella"]
[Black "Machlik, Monika"]
[Result "1-0"]
[WhiteTitle "GM"]
[WhiteElo "2426"]
[BlackElo "2084"]
[WhiteFideId "13602640"]
[BlackFideId "1513621"]
[EventDate "2025.12.29"]

1. Nf3 Nf6 2. g3 b5 3. Bg2 Bb7 4. O-O e6 5. d3 c5 6. e4 d6 7. a4 a6 8. Nc3 Qb6
9. Be3 b4 10. Ne2 Be7 11. h3 O-O 12. Nd2 Nbd7 13. f4 Qc7 14. g4 d5 15. e5 Ne8
16. d4 cxd4 17. Nxd4 Nc5 18. a5 Rc8 19. Qe1 f6 20. N4f3 Ne4 21. exf6 Bxf6 22.
Nxe4 dxe4 23. Nd4 Bd5 24. Qxb4 Bxd4 25. Qxd4 Qxc2 26. Rac1 Qb3 27. Rxc8 Qb5 28.
b4 Qe2 29. Rf2 Qe1+ 30. Kh2 Qb1 31. Rfc2 Qe1 32. Rf2 Qb1 33. Rc1 Qb3 34. Qc3 Qa4
35. Bc5 Rf7 36. Qe5 Qa3 37. Re1 Qa4 38. Bxe4 Bxe4 39. Rxe4 Rf6 40. Qb8 Qc6 41.
Rfe2 h6 42. f5 Kh7 43. Rxe6 Rxe6 44. fxe6 Nf6 45. e7 Qf3 46. Qe5 Qf1 47. Qf5+
Qxf5 48. gxf5 1-0

[Event "World Blitz Women 2025"]
[Site "Doha QAT"]
[Date "2025.12.29"]
[Round "7.54"]
[White "Bayasgalan, Khishigbaatar"]
[Black "Shubenkova, Veronika"]
[Result "1-0"]
[WhiteTitle "WCM"]
[BlackTitle "WFM"]
[WhiteElo "2249"]
[BlackElo "2013"]
[WhiteFideId "4904311"]
[BlackFideId "44124040"]
[EventDate "2025.12.29"]

1. c4 c6 2. d4 d5 3. Nf3 e6 4. g3 f5 5. Bg2 Nf6 6. Nc3 Bd6 7. O-O Nbd7 8. b3 O-O
9. Bb2 f4 10. Qc1 fxg3 11. fxg3 Qe8 12. Re1 dxc4 13. bxc4 e5 14. e3 Qh5 15. Qd1
exd4 16. exd4 Ng4 17. h3 Ngf6 18. Ne5 Nxe5 19. Qxh5 Nxh5 20. dxe5 Bb4 21. Kh2
Be6 22. a3 Ba5 23. Re2 Bxc4 24. Rc2 Bb3 25. Re2 Bc4 26. Rc2 Bd3 27. Rd2 Bg6 28.
Rad1 Rae8 29. Rd7 Rxe5 30. Rxb7 Rf2 31. Ba1 h6 32. Kg1 Rc2 33. Rb3 Nxg3 34. Na4
Ne2+ 35. Kh1 Nf4 36. Bxe5 Nxg2 37. Rb8+ Kh7 38. Rb7 Nh4 39. Rxg7+ 1-0

[Event "World Blitz Women 2025"]
[Site "Doha QAT"]
[Date "2025.12.29"]
[Round "7.55"]
[White "Dimitrijevic, Aleksandra"]
[Black "Zhang, Lanlin"]
[Result "1-0"]
[WhiteTitle "WGM"]
[BlackTitle "WIM"]
[WhiteElo "2063"]
[BlackElo "2291"]
[WhiteFideId "929239"]
[BlackFideId "8608032"]
[EventDate "2025.12.29"]

1. d4 Nf6 2. c4 e6 3. g3 d5 4. Nf3 Bb4+ 5. Bd2 a5 6. Bg2 O-O 7. O-O dxc4 8. Qc2
b5 9. a4 c6 10. axb5 Bxd2 11. Nfxd2 Qxd4 12. Nxc4 Bd7 13. b6 Qc5 14. Nbd2 Nd5
15. Nb3 Qb4 16. Nbxa5 Nxb6 17. Nxb6 Rxa5 18. Rxa5 Qxa5 19. Nxd7 Nxd7 20. Qxc6
Ne5 21. Qe4 Rb8 22. Rd1 h6 23. Qd4 Qb5 24. Be4 f5 25. Bd3 Nxd3 26. Rxd3 Qxb2 27.
Qe3 Qb1+ 28. Kg2 Qb7+ 29. f3 Qe7 30. Qe5 Rc8 31. Rd6 Re8 32. Rc6 Qd7 33. Rc7 1-0

[Event "World Blitz Women 2025"]
[Site "Doha QAT"]
[Date "2025.12.29"]
[Round "7.56"]
[White "Nordahl, Christine"]
[Black "Luong Phuong Hanh"]
[Result "1-0"]
[BlackTitle "WIM"]
[WhiteElo "1835"]
[BlackElo "2236"]
[WhiteFideId "1557939"]
[BlackFideId "12401013"]
[EventDate "2025.12.29"]

1. d4 Nf6 2. c4 g6 3. Nc3 d5 4. cxd5 Nxd5 5. e4 Nxc3 6. bxc3 Bg7 7. Rb1 O-O 8.
Nf3 c5 9. Be2 Qa5 10. Qd2 Nc6 11. Rb5 Qc7 12. Rxc5 b6 13. Rb5 Ba6 14. Rb1 Bxe2
15. Qxe2 Na5 16. Bd2 Nc4 17. O-O Rac8 18. Rfc1 Rfd8 19. Bg5 a6 20. h3 b5 21. Nd2
Nb6 22. Nb3 Na4 23. Bd2 Qd6 24. Qf3 Qa3 25. Rc2 Qd6 26. Rbc1 Nb6 27. Nc5 Nc4 28.
Nb7 Qa3 29. Nxd8 Rxd8 30. Bf4 Qa4 31. Bg5 Qa3 32. Qf4 Bf8 33. Qc7 Re8 34. Qf4
Rc8 35. Bh6 Bxh6 36. Qxh6 Qd6 37. Qh4 Qa3 38. Qg4 e6 39. d5 h5 40. Qf3 Ne5 41.
Qf6 Nd7 42. Qf4 exd5 43. exd5 Nb6 44. d6 Nc4 45. d7 Rd8 46. Qc7 Qe7 47. Re2 Qf8
48. Rce1 Nd6 49. Re7 Kg7 50. Qxd6 1-0

[Event "World Blitz Women 2025"]
[Site "Doha QAT"]
[Date "2025.12.29"]
[Round "7.57"]
[White "Aydin, Gulenay"]
[Black "Sawan, Eman"]
[Result "0-1"]
[WhiteTitle "WIM"]
[BlackTitle "WFM"]
[WhiteElo "2259"]
[BlackElo "1960"]
[WhiteFideId "34557431"]
[BlackFideId "11511729"]
[EventDate "2025.12.29"]

1. e4 c5 2. c3 e5 3. Nf3 Nc6 4. Bc4 Nf6 5. Ng5 d5 6. exd5 Nxd5 7. Qf3 Qxg5 8.
Bxd5 Qf6 9. d3 Qxf3 10. Bxf3 Bd7 11. Be3 O-O-O 12. Nd2 f5 13. g3 h6 14. h4 Be7
15. Ke2 g5 16. hxg5 hxg5 17. Nc4 f4 18. Bd2 b5 19. Na3 a6 20. Nc2 g4 21. Bxc6
Bxc6 22. Rxh8 f3+ 23. Kd1 Rxh8 24. Be3 Rh1+ 25. Kd2 Rh2 26. Re1 Bd6 27. Na1 c4
28. dxc4 bxc4 29. Nc2 Be4 30. Nb4 a5 31. Nc2 Bd3 32. b3 Kc7 33. bxc4 Bxc4 34. a3
Kc6 35. Rb1 Bc5 36. Bxc5 Kxc5 37. Ke3 a4 38. Rb4 Bb3 39. Ne1 Rh1 40. Nd3+ Kd6
41. Rb6+ Kc7 42. Rb4 Ra1 43. Nc5 Rxa3 44. Rxg4 Bd5 45. Rxa4 Rxc3+ 46. Nd3 e4 47.
Rd4 Bc6 48. Kd2 Rxd3+ 49. Rxd3 exd3 50. Kxd3 Kd6 51. Kd4 Ke6 52. Kc5 Be4 53. Kd4
Kf5 54. g4+ Kf4 55. g5 Bg6 56. Kd5 Kxg5 57. Ke5 Kg4 58. Kf6 Be4 59. Ke5 Ba8 60.
Kd4 Kh3 61. Ke3 Kg2 0-1

[Event "World Blitz Women 2025"]
[Site "Doha QAT"]
[Date "2025.12.29"]
[Round "7.58"]
[White "Wafa, Shahenda"]
[Black "Mamedjarova, Zeinab"]
[Result "0-1"]
[WhiteTitle "WGM"]
[BlackTitle "WGM"]
[WhiteElo "2074"]
[BlackElo "2155"]
[WhiteFideId "10609962"]
[BlackFideId "13401521"]
[EventDate "2025.12.29"]

1. e4 d5 2. exd5 Qxd5 3. d4 Nf6 4. c4 Qd8 5. Nc3 e6 6. Nf3 Be7 7. Be2 O-O 8. O-O
c5 9. Be3 cxd4 10. Nxd4 a6 11. Bf3 Qc7 12. Qe2 Nbd7 13. g3 Ne5 14. Bg2 Qxc4 15.
Qd2 Qd3 16. Qc1 Neg4 17. Rd1 Qg6 18. h3 Nxe3 19. Qxe3 Bc5 20. Na4 Ba7 21. Qb3
Bd7 22. Nb6 Rad8 23. a4 e5 24. Nf3 Bc6 25. Nxe5 Qf5 26. Nxc6 bxc6 27. a5 Nd5 28.
Bxd5 cxd5 29. Rxd5 Qxh3 30. Rad1 Rde8 31. Qf3 Re6 32. Qg2 Qg4 33. Nd7 Re2 34.
Nxf8 Rxf2 35. Ne6 Rxg2+ 36. Kxg2 fxe6 37. Rd8+ Kf7 0-1

[Event "World Blitz Women 2025"]
[Site "Doha QAT"]
[Date "2025.12.29"]
[Round "7.59"]
[White "Zhurova, Anna"]
[Black "Parnali, S Dharia"]
[Result "0-1"]
[WhiteTitle "WFM"]
[BlackTitle "WIM"]
[WhiteElo "2299"]
[BlackElo "2150"]
[WhiteFideId "54113075"]
[BlackFideId "5043131"]
[EventDate "2025.12.29"]

1. e4 e5 2. Nf3 Nc6 3. Bb5 a6 4. Ba4 Nf6 5. O-O b5 6. Bb3 Bc5 7. c3 d6 8. d4 Bb6
9. Be3 Bg4 10. d5 Ne7 11. Bxb6 cxb6 12. h3 Bd7 13. Nbd2 Ng6 14. c4 Nf4 15. cxb5
axb5 16. Nh2 g5 17. Kh1 h5 18. Rc1 h4 19. Re1 Nd3 20. Qf3 Nxe1 21. Rxe1 Rg8 22.
Ndf1 g4 23. hxg4 Nxg4 24. Nxg4 Bxg4 25. Qd3 Bd7 26. f4 Qf6 27. f5 Qg5 28. Qh3 f6
29. Re3 Ke7 30. a3 b4 31. axb4 Ra1 32. Rf3 Bb5 33. g4 Bxf1 34. Rxf1 Rxf1+ 35.
Qxf1 Qxg4 36. Bc2 h3 37. Qf2 Qg2+ 38. Qxg2 Rxg2 39. Bd3 Rxb2 40. b5 Kf8 41. Kg1
Kg7 42. Kh1 Kh6 43. Kg1 Kg5 44. Kh1 Kf4 45. Kg1 Kg3 46. Kh1 Rh2+ 47. Kg1 Rd2 48.
Bf1 Rd1 0-1

[Event "World Blitz Women 2025"]
[Site "Doha QAT"]
[Date "2025.12.29"]
[Round "7.60"]
[White "Lesbekova, Assel"]
[Black "Serikbay, Assel"]
[Result "1-0"]
[WhiteTitle "WCM"]
[BlackTitle "WIM"]
[WhiteElo "1948"]
[BlackElo "2221"]
[WhiteFideId "13713248"]
[BlackFideId "13706799"]
[EventDate "2025.12.29"]

1. e4 c5 2. c4 Nc6 3. Nc3 g6 4. g3 Bg7 5. Bg2 e6 6. d3 Nge7 7. Be3 d6 8. Nge2
O-O 9. d4 cxd4 10. Nxd4 Ne5 11. b3 a6 12. O-O Qc7 13. Rc1 Bd7 14. f4 N5c6 15.
Nxc6 bxc6 16. Bd4 e5 17. fxe5 dxe5 18. Bc5 Be6 19. Qd6 Qxd6 20. Bxd6 Rfe8 21.
Na4 Rad8 22. Rcd1 Nc8 23. Bc5 Bg4 24. Rxd8 Rxd8 25. Bf3 Bxf3 26. Rxf3 Rd2 27.
Rf2 Rd1+ 28. Kg2 Nd6 29. Bxd6 Rxd6 30. Nc5 a5 31. Nb7 Rd4 32. Nxa5 c5 33. Nc6
Rxe4 34. a4 Re3 35. Rf3 Re2+ 36. Rf2 Re3 37. Rf3 Re2+ 38. Kg1 f5 39. Ne7+ Kf7
40. Nd5 e4 41. Rf1 Bd4+ 42. Kh1 Rb2 43. Ra1 Rxb3 44. Ra2 Rb1+ 45. Kg2 Rc1 46. a5
e3 47. a6 e2 48. Rxe2 Ra1 49. Re7+ Kf8 50. Ra7 Ra2+ 51. Kf1 Rf2+ 52. Ke1 Ra2 53.
Nc7 Bc3+ 54. Kd1 Rd2+ 55. Kc1 Ra2 56. Rb7 Kf7 57. a7 Kf6 1-0

[Event "World Blitz Women 2025"]
[Site "Doha QAT"]
[Date "2025.12.29"]
[Round "7.61"]
[White "Krasteva, Beloslava"]
[Black "Druzhinina, Olga"]
[Result "1-0"]
[WhiteTitle "FM"]
[BlackTitle "WFM"]
[WhiteElo "2339"]
[BlackElo "2175"]
[WhiteFideId "2922029"]
[BlackFideId "4141911"]
[EventDate "2025.12.29"]

1. d4 Nf6 2. c4 g6 3. Nc3 d5 4. cxd5 Nxd5 5. Bd2 Bg7 6. e4 Nxc3 7. Bxc3 O-O 8.
Nf3 b6 9. Bc4 Bb7 10. Qe2 Nd7 11. O-O e6 12. Rad1 Qe7 13. Rfe1 Nf6 14. Nd2 Rfd8
15. f3 c5 16. Nb3 cxd4 17. Bxd4 Rac8 18. Bb5 Qb4 19. Bc3 Qe7 20. Kh1 Rxd1 21.
Rxd1 Rd8 22. Rc1 Bh6 23. Re1 e5 24. a3 Qd6 25. Bc4 a5 26. Nc1 Qc7 27. Bb3 Nd7
28. Rd1 Nc5 29. Ba2 Bg7 30. Nb3 Ba6 31. Qc2 Na4 32. Rxd8+ Qxd8 33. Nd2 Qc7 34.
Qxa4 Bh6 35. Qb3 a4 36. Qd1 Qd6 37. Qe1 Qd3 38. Bb1 Qd6 39. Bc2 Bb5 40. Nf1 Qc5
41. Bb1 Qc4 42. Nd2 Qc5 43. g3 Be3 44. Kg2 Bh6 45. Nf1 Qc4 46. Nd2 Qc5 47. Bc2
Qd6 48. Qf2 Bf8 49. Bb4 Qc7 50. Bxf8 Kxf8 51. Nb1 Qd6 52. Nc3 Bc6 53. Bxa4 Bb7
54. Bb3 h5 55. Nd5 Qc6 56. Qxb6 1-0